[Event "Titled Tue 17th Jun Early"]
[Site "chess.com INT"]
[Date "2025.06.17"]
[Round "7"]
[White "Seder, Mohammed"]
[Black "Howell, David W L"]
[Result "1-0"]
[WhiteTitle "FM"]
[BlackTitle "GM"]
[WhiteElo "2075"]
[BlackElo "2668"]
[WhiteFideId "11505567"]
[BlackFideId "410608"]
[EventDate "2025.06.17"]

1. d4 Nf6 2. Nc3 d5 3. Bf4 a6 4. e3 Bf5 5. Bd3 e6 6. Nf3 Bxd3 7. Qxd3 c5 8. dxc5
Bxc5 9. O-O Nc6 10. Ne5 Rc8 11. a3 O-O 12. Rad1 Qe7 13. e4 d4 14. Ne2 Rfd8 15.
Nxc6 Rxc6 16. Bg5 h6 17. Bh4 e5 18. Bxf6 Qxf6 19. Ng3 g6 20. Kh1 Bb6 21. Ne2 Qe6
22. f4 Qc4 23. Qf3 Qxc2 24. fxe5 Rf8 25. Nxd4 Bxd4 26. Rxd4 Qxb2 27. Rd7 Qa2 28.
Rxb7 Qe6 29. h3 Rc5 30. Qe3 Rxe5 31. Rb6 Qe7 32. Qb3 Kg7 33. Qb2 a5 34. Rb5 f6
35. Rb7 1-0

[Event "Titled Tue 17th Jun Early"]
[Site "chess.com INT"]
[Date "2025.06.17"]
[Round "7"]
[White "Oppezzo, Sebastian"]
[Black "Subervi, Jonathan Sigfredo"]
[Result "0-1"]
[BlackTitle "FM"]
[WhiteElo "2177"]
[BlackElo "2059"]
[WhiteFideId "112321"]
[BlackFideId "6400345"]
[EventDate "2025.06.17"]

1. d4 d5 2. c4 c6 3. g3 Nf6 4. Bg2 Bf5 5. Nf3 e6 6. O-O Nbd7 7. Qb3 Qb6 8. Nc3
Qxb3 9. axb3 a6 10. c5 Ne4 11. Bf4 Nxc3 12. bxc3 Be7 13. c4 O-O 14. cxd5 exd5
15. Rfe1 Rfe8 16. Ne5 Nxe5 17. Bxe5 Bxc5 18. e4 dxe4 19. Bxe4 Bxe4 20. Rxe4 Bb4
21. Rg4 Bf8 22. Ra5 h5 23. Rh4 f6 24. Bc7 g6 25. g4 hxg4 26. Rxg4 Kf7 27. f4
Re1+ 28. Kf2 Rae8 29. f5 R8e2+ 30. Kf3 Re3+ 31. Kf2 g5 32. h4 Bb4 33. Ra4 R3e2+
34. Kf3 Re3+ 35. Kf2 Bd2 36. hxg5 fxg5 37. f6 Kxf6 38. Bd8+ Ke6 39. Rxg5 R3e2+
40. Kf3 Bxg5 0-1

[Event "Titled Tue 17th Jun Early"]
[Site "chess.com INT"]
[Date "2025.06.17"]
[Round "7"]
[White "Zahn, Wolfgang"]
[Black "Junior, Liduino F Vasconcelos"]
[Result "1-0"]
[WhiteTitle "FM"]
[WhiteElo "2280"]
[BlackElo "2047"]
[WhiteFideId "4620984"]
[BlackFideId "2109913"]
[EventDate "2025.06.17"]

1. d4 Nf6 2. c4 e6 3. Nf3 d5 4. g3 Be7 5. Bg2 O-O 6. Nbd2 c6 7. O-O Nbd7 8. Qc2
Nb6 9. b3 Bd7 10. e4 dxe4 11. Nxe4 Rc8 12. Rd1 Be8 13. Nxf6+ Bxf6 14. Ne5 Nd7
15. Bb2 Qc7 16. Ba3 Nxe5 17. Bxf8 Kxf8 18. dxe5 Bxe5 19. Rac1 g6 20. Qd2 Kg7 21.
f4 Bf6 22. h3 c5 23. Kh2 Bd4 24. Qe2 Bc6 25. Bxc6 Qxc6 26. Qg2 Qc7 27. Qe4 e5
28. f5 f6 29. fxg6 hxg6 30. g4 Rh8 31. Rf1 Qe7 32. Kg2 a6 33. Rcd1 Rf8 34. Rd3
Qd7 35. Rdf3 b5 36. h4 bxc4 37. bxc4 Rf7 38. h5 gxh5 39. gxh5 Kh8 40. Rxf6 Rg7+
41. Rg6 Qe7 42. Rf6 1-0

[Event "Titled Tue 17th Jun Early"]
[Site "chess.com INT"]
[Date "2025.06.17"]
[Round "7"]
[White "Agarwal, Amaya"]
[Black "Kiseleva, Arina"]
[Result "0-1"]
[WhiteTitle "WCM"]
[BlackTitle "WCM"]
[WhiteElo "2004"]
[BlackElo "1994"]
[WhiteFideId "48733580"]
[BlackFideId "4164989"]
[EventDate "2025.06.17"]

1. e4 c6 2. d4 d5 3. e5 Bf5 4. c4 e6 5. Nf3 Bb4+ 6. Nc3 Ne7 7. a3 Bxc3+ 8. bxc3
O-O 9. Be2 dxc4 10. Bxc4 Nd5 11. Bxd5 cxd5 12. O-O Nc6 13. Bg5 Qc7 14. Nh4 Be4
15. f3 Bg6 16. Nxg6 hxg6 17. Rb1 Na5 18. Qa4 b6 19. Qb4 Rac8 20. Rfc1 Rfe8 21.
h4 Qc4 22. Bf4 Qd3 23. Rd1 Qf5 24. Bg3 Rc4 25. Qb2 Rec8 26. Rbc1 g5 27. h5 g4
28. fxg4 Qxg4 29. Bh2 Qxh5 30. Rd3 Qg5 31. Rg3 Qh4 32. Rh3 Qe4 33. Qc2 Qxc2 34.
Rxc2 Rxd4 35. cxd4 Rxc2 36. Rd3 Nc4 37. g3 Ra2 38. Rc3 Rxa3 0-1

[Event "Titled Tue 17th Jun Early"]
[Site "chess.com INT"]
[Date "2025.06.17"]
[Round "7"]
[White "Tuguldur, Soninbayar"]
[Black "Danila, Tudor-Gabriel"]
[Result "1-0"]
[WhiteTitle "CM"]
[BlackTitle "CM"]
[WhiteElo "2120"]
[BlackElo "2178"]
[WhiteFideId "4921224"]
[BlackFideId "1274244"]
[EventDate "2025.06.17"]

1. d4 Nf6 2. Bf4 e6 3. e3 d5 4. Nf3 Bd6 5. Bg3 O-O 6. Nbd2 b6 7. Bd3 c5 8. c3
Bb7 9. Ne5 Nc6 10. f4 Ne7 11. Bf2 Nd7 12. Qg4 Nf6 13. Qh3 h5 14. Rg1 g6 15. g4
hxg4 16. Nxg4 Nxg4 17. Qxg4 cxd4 18. cxd4 Nf5 19. Bxf5 exf5 20. Qxf5 Bb4 21. Ke2
Ba6+ 22. Kf3 Kg7 23. Rad1 Rc8 24. Qe5+ Qf6 25. Bh4 Qxe5 26. fxe5 Rc2 27. Bf6+
Kh7 28. Rg4 g5 29. Rxg5 Rxd2 30. Rdg1 Be2+ 31. Kf4 Bd3 32. Rh5# 1-0

[Event "Titled Tue 17th Jun Early"]
[Site "chess.com INT"]
[Date "2025.06.17"]
[Round "7"]
[White "Teterev, Vitaly"]
[Black "Matveeva, Olga"]
[Result "0-1"]
[WhiteTitle "GM"]
[BlackTitle "WIM"]
[WhiteElo "2248"]
[BlackElo "2177"]
[WhiteFideId "13501429"]
[BlackFideId "24107018"]
[EventDate "2025.06.17"]

1. e4 c6 2. d4 d5 3. exd5 cxd5 4. Bd3 Nc6 5. c3 Nf6 6. h3 e5 7. dxe5 Nxe5 8. Nf3
Nxd3+ 9. Qxd3 Bd6 10. O-O O-O 11. Bg5 h6 12. Bh4 g5 13. Bg3 Bxg3 14. fxg3 Ne4
15. Nd4 f5 16. Nd2 Qd6 17. Nxe4 dxe4 18. Qe3 Qe5 19. Rae1 Bd7 20. Rf2 Rae8 21.
Ref1 Kg7 22. b3 Kg6 23. a4 Rc8 24. c4 Rcd8 25. Nb5 a6 26. Nc3 Bc6 27. Rd1 Rxd1+
28. Nxd1 Rd8 29. Qe2 Qxg3 30. Ne3 f4 31. Nd5 Re8 32. Qc2 Qd3 33. Qxd3 exd3 34.
Nb4 Re1+ 35. Rf1 Rxf1+ 36. Kxf1 Bxg2+ 0-1

[Event "Titled Tue 17th Jun Early"]
[Site "chess.com INT"]
[Date "2025.06.17"]
[Round "7"]
[White "Logozar, Elijah"]
[Black "Gubajdullin, Alexei"]
[Result "1-0"]
[BlackTitle "FM"]
[WhiteElo "1928"]
[BlackElo "2233"]
[WhiteFideId "30963788"]
[BlackFideId "4141202"]
[EventDate "2025.06.17"]

1. e4 c5 2. Nf3 d6 3. d4 cxd4 4. Nxd4 Nf6 5. Nc3 g6 6. Be3 Bg7 7. f3 h5 8. Qd2
a6 9. Bc4 b5 10. Bb3 Bb7 11. O-O-O Nbd7 12. Kb1 Rc8 13. Rhe1 Ne5 14. f4 Nc4 15.
Bxc4 Rxc4 16. e5 Ne4 17. Nxe4 Bxe4 18. Bg1 d5 19. b3 Rc8 20. Kb2 O-O 21. c3 Qa5
22. h3 f6 23. Ne6 fxe5 24. Nxg7 Kxg7 25. fxe5 b4 26. Bd4 bxc3+ 27. Bxc3 Qb6 28.
g4 Rf2 29. Re2 Rxc3 30. Kxc3 Rf3+ 31. Kb2 Rd3 32. Qxd3 Bxd3 33. Rxd3 hxg4 34.
hxg4 Qg1 35. Rxd5 Qxg4 36. Red2 Qe4 37. R2d4 Qe2+ 38. Rd2 Qe4 39. a4 1-0

[Event "Titled Tue 17th Jun Early"]
[Site "chess.com INT"]
[Date "2025.06.17"]
[Round "7"]
[White "Emujin Enkh-Amgalan"]
[Black "Abdou Ahmed Alem"]
[Result "1-0"]
[WhiteTitle "WCM"]
[BlackTitle "CM"]
[WhiteElo "2022"]
[BlackElo "2002"]
[WhiteFideId "4908023"]
[BlackFideId "19603720"]
[EventDate "2025.06.17"]

1. d4 f5 2. c4 Nf6 3. Nf3 e6 4. g3 Bb4+ 5. Bd2 Bxd2+ 6. Nbxd2 O-O 7. Bg2 d6 8.
O-O Qe8 9. b4 c5 10. bxc5 dxc5 11. dxc5 Na6 12. Nb3 Ne4 13. Ne5 Nexc5 14. Nxc5
Nxc5 15. Qd6 Nd7 16. Rab1 Nxe5 17. Qxe5 Rf7 18. c5 a5 19. Rfc1 Ra6 20. c6 bxc6
21. Rb8 Rb7 22. Rxb7 Bxb7 23. Qc7 Qa8 24. Rb1 Ra7 25. Rd1 Ba6 26. Rd8+ Qxd8 27.
Qxd8+ Kf7 28. Qb6 Rd7 29. Qxa6 Rd2 30. Qxc6 Rxe2 31. Bf3 Rxa2 32. Qd7+ Kf6 33.
Qd8+ Kg6 34. h4 Ra1+ 35. Kg2 Re1 36. h5+ Kh6 37. Qd2+ g5 38. hxg6+ Kxg6 39. Qxe1
e5 40. Qxe5 h6 41. Qxa5 Kg5 42. Qd8+ Kg6 43. Qg8+ Kf6 44. g4 h5 45. g5+ Ke5 46.
Bxh5 Kf4 47. g6 Ke4 48. g7 f4 49. Qe6+ Kd4 50. g8=Q f3+ 51. Bxf3 Kc3 52. Qd8 Kb2
53. Qc6 Ka3 54. Qb8 Ka2 55. Qa6# 1-0

[Event "Titled Tue 17th Jun Early"]
[Site "chess.com INT"]
[Date "2025.06.17"]
[Round "7"]
[White "Yildiz, Egehan"]
[Black "Shandrygin, Nikita"]
[Result "0-1"]
[WhiteTitle "FM"]
[BlackTitle "FM"]
[WhiteElo "2198"]
[BlackElo "2209"]
[WhiteFideId "44518072"]
[BlackFideId "24198668"]
[EventDate "2025.06.17"]

1. d4 d5 2. c4 Nc6 3. Nf3 Bg4 4. cxd5 Bxf3 5. gxf3 Qxd5 6. e3 e5 7. Nc3 Bb4 8.
Bd2 Bxc3 9. bxc3 Nf6 10. Bg2 O-O 11. O-O Qc4 12. Qb3 Na5 13. Qb4 Qxb4 14. cxb4
Nc4 15. Bc3 Nd5 16. Rfc1 exd4 17. Bxd4 b5 18. f4 Rad8 19. Bc5 Rfe8 20. a4 a6 21.
axb5 axb5 22. Ra7 c6 23. h4 Re6 24. Bf3 g6 25. h5 Nd2 26. Bd1 Ne4 27. Bd4 Nxf4
28. Rc7 Nxf2 29. R1xc6 Rxc6 30. Rxc6 Nxd1 0-1

[Event "Titled Tue 17th Jun Early"]
[Site "chess.com INT"]
[Date "2025.06.17"]
[Round "7"]
[White "Germanovs, Georgijs"]
[Black "Savitha, Shri B"]
[Result "0-1"]
[WhiteTitle "CM"]
[BlackTitle "IM"]
[WhiteElo "2260"]
[BlackElo "2293"]
[WhiteFideId "11609710"]
[BlackFideId "35061887"]
[EventDate "2025.06.17"]

1. e4 c5 2. Nf3 Nc6 3. Bb5 g6 4. O-O Bg7 5. Re1 e5 6. Nc3 Nge7 7. Nd5 O-O 8. c3
a6 9. Ba4 b5 10. Bc2 d6 11. a4 Bb7 12. axb5 axb5 13. Rxa8 Qxa8 14. d4 cxd4 15.
cxd4 Nxd5 16. exd5 Nxd4 17. Nxd4 exd4 18. Bf4 Bxd5 19. Bxd6 Rd8 20. Be7 Re8 21.
f3 d3 22. Bxd3 Qa7+ 23. Kh1 Rxe7 24. Rxe7 Qxe7 25. Bxb5 Bxb2 26. h3 Qe5 27. Bf1
Ba3 28. f4 Qxf4 29. Qxd5 Qxf1+ 30. Kh2 Qf4+ 31. Kh1 Bd6 32. Qa8+ Kg7 33. Kg1
Bc5+ 34. Kh1 Qf1+ 35. Kh2 Bd6+ 36. g3 Qf2+ 37. Kh1 Qxg3 38. Qa2 Qxh3+ 39. Kg1
Bc5+ 40. Qf2 Bxf2+ 41. Kxf2 0-1

[Event "Titled Tue 17th Jun Early"]
[Site "chess.com INT"]
[Date "2025.06.17"]
[Round "7"]
[White "Ozen, Batuhan"]
[Black "Barseghyan, Armen Ar."]
[Result "1/2-1/2"]
[WhiteTitle "CM"]
[BlackTitle "IM"]
[WhiteElo "2128"]
[BlackElo "2348"]
[WhiteFideId "6345123"]
[BlackFideId "13306707"]
[EventDate "2025.06.17"]

1. c4 c5 2. Nf3 Nf6 3. g3 g6 4. Bg2 Bg7 5. O-O O-O 6. Nc3 Nc6 7. Rb1 Rb8 8. a3
a6 9. b4 cxb4 10. axb4 b5 11. cxb5 axb5 12. d4 d6 13. e4 Bg4 14. Be3 Qc8 15. Qd3
Bh3 16. d5 Bxg2 17. Kxg2 Ne5 18. Nxe5 dxe5 19. Rfc1 Qd7 20. f3 Rfc8 21. Ne2 Ne8
22. Rxc8 Rxc8 23. Rc1 Rxc1 24. Nxc1 e6 25. dxe6 Qxd3 26. exf7+ Kxf7 27. Nxd3 Nc7
28. f4 exf4 29. gxf4 Ne6 30. Kf3 Nd4+ 31. Kg4 h5+ 32. Kg3 Nc2 33. Bc5 Ke6 34.
Kf3 Bc3 35. h3 Ne1+ 36. Ke2 Nxd3 37. Kxd3 Bg7 38. Ke3 Bh6 39. Kf3 Bg7 40. Kg3
Bc3 41. Kh4 Kf6 42. Kg3 Bd2 43. Kf3 Ke6 44. Bf8 Kf7 45. Bc5 Ke6 46. Kg3 Kf6 47.
Bd6 Bc3 48. Kf3 Ke6 49. Bc5 Bd2 1/2-1/2

[Event "Titled Tue 17th Jun Early"]
[Site "chess.com INT"]
[Date "2025.06.17"]
[Round "7"]
[White "Jammalamadaka, Vihaan"]
[Black "Marynychenko, Yehor"]
[Result "0-1"]
[WhiteTitle "CM"]
[BlackTitle "CM"]
[WhiteElo "2018"]
[BlackElo "2183"]
[WhiteFideId "30977134"]
[BlackFideId "34160558"]
[EventDate "2025.06.17"]

1. b3 Nf6 2. Bb2 g6 3. e4 d6 4. g3 Bg7 5. Bg2 O-O 6. Ne2 e5 7. O-O Ne8 8. d4 Nc6
9. dxe5 dxe5 10. Nbc3 Nd6 11. Nd5 f5 12. Nec3 f4 13. Re1 Nd4 14. gxf4 exf4 15.
e5 N6f5 16. Nxf4 Qg5 17. Ncd5 Nh4 18. Bxd4 Bh3 19. Qd3 Bxg2 20. Qg3 Bxd5 21.
Qxg5 Nf3+ 22. Kg2 Nxg5+ 23. Nxd5 Nf3 24. Re4 Nxd4 25. Rxd4 Bxe5 26. Rdd1 Bxa1
27. Rxa1 Rad8 28. Ne3 Rd2 29. Rf1 b5 30. Kg3 b4 31. h4 Re2 32. Kg2 Rd8 33. Kf3
Rdd2 34. h5 gxh5 35. Rg1+ Kf7 36. Rf1 a5 37. Kg3 Ke6 38. Ng2 Kf5 39. Nf4 Rxf2
40. Rxf2 Rxf2 41. Kxf2 Kxf4 0-1

[Event "Titled Tue 17th Jun Early"]
[Site "chess.com INT"]
[Date "2025.06.17"]
[Round "7"]
[White "Bortnyk, Olexandr"]
[Black "Pakleza, Zbigniew"]
[Result "1-0"]
[WhiteTitle "GM"]
[BlackTitle "GM"]
[WhiteElo "2601"]
[BlackElo "2484"]
[WhiteFideId "14120828"]
[BlackFideId "1119290"]
[EventDate "2025.06.17"]

1. Nf3 d5 2. d4 c6 3. g3 Bf5 4. Bg2 e6 5. O-O Nf6 6. b3 Be7 7. Bb2 h6 8. c4 O-O
9. Nbd2 Nbd7 10. Re1 Bh7 11. h3 Ne4 12. Nxe4 Bxe4 13. Qd2 a5 14. Bc3 b5 15. c5
Bf6 16. Rac1 Re8 17. Ne5 Nxe5 18. dxe5 Bxg2 19. exf6 d4 20. Bxd4 Bxh3 21. fxg7
f6 22. Qxh6 Qxd4 23. Rcd1 Qxc5 24. Rd7 Re7 25. Qh8+ Kf7 26. Qxa8 Kxg7 27. Rxe7+
Qxe7 28. Qxc6 b4 29. Rc1 Kg6 30. Qc7 Qe8 31. Qxa5 Qb8 32. Qc5 Qa8 33. f3 Qxa2
34. Qc2+ Qxc2 35. Rxc2 1-0

[Event "Titled Tue 17th Jun Early"]
[Site "chess.com INT"]
[Date "2025.06.17"]
[Round "7"]
[White "Topencik, Bruno"]
[Black "Mindlin, Alon"]
[Result "0-1"]
[WhiteTitle "FM"]
[BlackTitle "IM"]
[WhiteElo "2276"]
[BlackElo "2451"]
[WhiteFideId "23716550"]
[BlackFideId "2800071"]
[EventDate "2025.06.17"]

1. e4 c5 2. Nc3 Nc6 3. Bb5 g6 4. Bxc6 dxc6 5. d3 Bg7 6. Be3 b6 7. Qd2 e5 8. Nge2
Nf6 9. O-O Ng4 10. Bg5 f6 11. Bh4 g5 12. Bg3 h5 13. f3 Nh6 14. Nd1 Be6 15. Ne3
Qd7 16. b3 O-O-O 17. a4 h4 18. Bf2 g4 19. f4 f5 20. exf5 Nxf5 21. Nxf5 Bxf5 22.
fxe5 Bxe5 23. Rae1 g3 24. hxg3 h3 25. Nf4 hxg2 26. Nxg2 Qh7 27. Nh4 Rdg8 28. Kh1
Bxg3 29. Bxg3 Rxg3 30. Rf4 Qxh4+ 31. Rxh4 Rxh4+ 32. Qh2 Rxh2+ 33. Kxh2 Rg7 34.
Rf1 Be6 35. Re1 Kd7 36. Rg1 Rxg1 37. Kxg1 Kd6 38. Kf2 b5 39. axb5 cxb5 40. Ke3
b4 41. Kd2 Ke5 42. c3 Bxb3 0-1

[Event "Titled Tue 17th Jun Early"]
[Site "chess.com INT"]
[Date "2025.06.17"]
[Round "7"]
[White "Foldes, Marton Gabor"]
[Black "Hehir, Michael"]
[Result "1-0"]
[WhiteTitle "FM"]
[WhiteElo "2295"]
[BlackElo "2009"]
[WhiteFideId "794708"]
[BlackFideId "2047411"]
[EventDate "2025.06.17"]

1. Nf3 Nf6 2. g3 g6 3. Bg2 Bg7 4. O-O O-O 5. d4 d6 6. c4 c5 7. dxc5 dxc5 8. Qxd8
Rxd8 9. Ne5 Nbd7 10. Nd3 Rb8 11. Bf4 e5 12. Nxe5 Nxe5 13. Bxe5 Ra8 14. Nc3 Rd2
15. Rad1 Rxd1 16. Rxd1 Be6 17. Bxb7 Re8 18. b3 Bxc4 19. Bf4 Bxe2 20. Nxe2 Rxe2
21. Be3 h6 22. Rd2 Rxd2 23. Bxd2 Nd7 24. Bc6 Ne5 25. Bd5 Kf8 26. Be3 Nd7 27. Bc6
Ne5 28. Bxc5+ Kg8 29. Bb7 a5 30. Bb6 a4 31. bxa4 Nc4 32. Bc5 Bc3 33. Bd5 Na5 34.
a3 Kg7 35. Bb4 1-0

[Event "Titled Tue 17th Jun Early"]
[Site "chess.com INT"]
[Date "2025.06.17"]
[Round "7"]
[White "Atanasov, Anthony"]
[Black "So, Wesley"]
[Result "1/2-1/2"]
[WhiteTitle "IM"]
[BlackTitle "GM"]
[WhiteElo "2417"]
[BlackElo "2745"]
[WhiteFideId "2623897"]
[BlackFideId "5202213"]
[EventDate "2025.06.17"]

1. e4 d6 2. d4 Nf6 3. Nc3 e5 4. Nf3 Nbd7 5. Bc4 Be7 6. Ng5 O-O 7. Bxf7+ Rxf7 8.
Ne6 Qe8 9. Nxc7 Qd8 10. Nxa8 exd4 11. Qxd4 Ne5 12. Qxa7 Nfg4 13. O-O Bf8 14. f3
Nxh2 15. Kxh2 Qh4+ 16. Kg1 Nxf3+ 17. Rxf3 Qe1+ 18. Kh2 Qh4+ 19. Kg1 Qe1+ 20. Kh2
d5 21. Rxf7 Kxf7 22. Bf4 Qxa1 23. Nxd5 Qe1 24. Qe3 Qh4+ 25. Kg1 Bc5 26. Qxc5
Qe1+ 27. Kh2 Qh4+ 28. Kg1 Qe1+ 29. Kh2 Qh4+ 30. Kg1 1/2-1/2

[Event "Titled Tue 17th Jun Early"]
[Site "chess.com INT"]
[Date "2025.06.17"]
[Round "7"]
[White "Guo, Felix"]
[Black "Papaioannou, Dimitrios"]
[Result "0-1"]
[BlackTitle "CM"]
[WhiteElo "2091"]
[BlackElo "2206"]
[WhiteFideId "30997550"]
[BlackFideId "25865137"]
[EventDate "2025.06.17"]

1. e4 c5 2. Nf3 Nc6 3. c3 Nf6 4. Bd3 d6 5. h3 g6 6. Bc2 Bg7 7. d4 cxd4 8. cxd4
O-O 9. O-O d5 10. e5 Ne4 11. Nc3 Bf5 12. Ne2 Rc8 13. Be3 Qb6 14. Bb3 Rfd8 15.
Rc1 Na5 16. Nc3 Nxb3 17. Qxb3 Nxc3 18. bxc3 Qa6 19. Rfd1 Bd3 20. Nd2 e6 21. g4
Rd7 22. f4 Bf8 23. Nf3 Be2 24. Kf2 Bxd1 25. Rxd1 Rdc7 26. Rc1 Qa3 27. Qxa3 Bxa3
28. Rb1 b6 29. Bd2 Rc4 30. f5 Ra4 31. fxe6 fxe6 32. Ng5 Rc6 33. Kg3 Be7 34. Rf1
Rxa2 35. Bf4 Rxc3+ 0-1

[Event "Titled Tue 17th Jun Early"]
[Site "chess.com INT"]
[Date "2025.06.17"]
[Round "7"]
[White "Yanev, Tihomir"]
[Black "Yelisieiev, Yevhenii"]
[Result "1-0"]
[WhiteTitle "IM"]
[BlackTitle "IM"]
[WhiteElo "2354"]
[BlackElo "2412"]
[WhiteFideId "2910110"]
[BlackFideId "14139642"]
[EventDate "2025.06.17"]

1. d4 d6 2. e4 Nf6 3. Nc3 e5 4. Nf3 Nbd7 5. Bc4 Be7 6. g4 Nxg4 7. Rg1 Nb6 8. Bb3
exd4 9. Qxd4 O-O 10. h3 Bf6 11. Qd3 Ne5 12. Nxe5 dxe5 13. Qg3 Kh8 14. Be3 c6 15.
Bc5 Re8 16. Bxf7 Be6 17. Bxe8 Qxe8 18. O-O-O Nc4 19. Be3 Nxe3 20. Qxe3 Qh5 21.
Kb1 Qxh3 22. f3 Rd8 23. Rxd8+ Bxd8 24. Qxa7 Bc8 25. Qb8 Qe6 26. Rd1 Be7 27. Na4
Qg8 28. Nb6 Be6 29. Qxb7 Bxa2+ 30. Ka1 Bc5 31. Qxc6 Bd4 32. Nd5 Bxd5 33. exd5 h5
34. c3 Be3 35. d6 Bg5 36. d7 h4 37. Qg6 Qa8+ 38. Kb1 Bd8 39. Rg1 Bf6 40. Qe8+ 1-0

[Event "Titled Tue 17th Jun Early"]
[Site "chess.com INT"]
[Date "2025.06.17"]
[Round "7"]
[White "Rustemov, Alexander"]
[Black "Mullodzhanov, Nathaniel"]
[Result "0-1"]
[WhiteTitle "GM"]
[WhiteElo "2525"]
[BlackElo "1927"]
[WhiteFideId "4119002"]
[BlackFideId "30961580"]
[EventDate "2025.06.17"]

1. d4 Nf6 2. c4 g6 3. Nf3 Bg7 4. g3 O-O 5. Bg2 d6 6. Nc3 c5 7. dxc5 dxc5 8. O-O
Nc6 9. Bf4 Be6 10. Ne5 Nxe5 11. Bxe5 Nh5 12. Bxg7 Kxg7 13. Qb3 Qb6 14. Bxb7 Rad8
15. Qxb6 axb6 16. b3 Rd2 17. Rfd1 Rc2 18. Rac1 Rxc1 19. Rxc1 Rd8 20. Rd1 Rb8 21.
Bd5 Bf5 22. Bf3 Nf6 23. Kf1 e5 24. Bd5 Kf8 25. f3 Ke7 26. Kf2 h5 27. h4 Bd7 28.
a4 Ne8 29. Be4 f5 30. Bc2 Bc6 31. e4 Ke6 32. exf5+ gxf5 33. Re1 Rd8 34. f4 e4
35. Rd1 Nd6 36. Rd2 Rg8 37. Bd1 e3+ 38. Kxe3 Rxg3+ 39. Kf2 Rxc3 40. Bxh5 Ne4+
41. Ke2 Nxd2 42. Kxd2 Rh3 0-1

[Event "Titled Tue 17th Jun Early"]
[Site "chess.com INT"]
[Date "2025.06.17"]
[Round "7"]
[White "Gales, Randi-Ioan"]
[Black "Uzuner, Tufan Can"]
[Result "1-0"]
[WhiteTitle "CM"]
[BlackTitle "CM"]
[WhiteElo "2243"]
[BlackElo "1909"]
[WhiteFideId "1285360"]
[BlackFideId "6300499"]
[EventDate "2025.06.17"]

1. d4 d5 2. c4 c6 3. Nf3 Nf6 4. e3 a6 5. Bd3 b5 6. cxd5 cxd5 7. O-O e6 8. a4 b4
9. a5 Be7 10. Nbd2 O-O 11. Nb3 Nbd7 12. Bd2 Qc7 13. Qe2 Qd6 14. Rfc1 e5 15. dxe5
Nxe5 16. Nxe5 Qxe5 17. Nd4 Bd6 18. g3 Bb7 19. Ra4 Ne4 20. Bxb4 Rfd8 21. Bxd6
Rxd6 22. Rb4 Bc8 23. Nc6 Qf6 24. Bxe4 dxe4 25. Rxe4 Be6 26. Rf4 Qg5 27. h4 Qd5
28. Ne7+ Kf8 29. Nxd5 Rxd5 30. Rd4 Rxa5 31. Qd2 g6 32. Qxa5 1-0

[Event "Titled Tue 17th Jun Early"]
[Site "chess.com INT"]
[Date "2025.06.17"]
[Round "7"]
[White "Boramanikar, Tanisha S"]
[Black "Manukian, Artak"]
[Result "0-1"]
[WhiteTitle "WCM"]
[WhiteElo "1743"]
[BlackElo "2104"]
[WhiteFideId "35023454"]
[BlackFideId "13301373"]
[EventDate "2025.06.17"]

1. e4 c6 2. d4 d5 3. e5 Bf5 4. Ne2 e6 5. Ng3 Bg6 6. h4 h5 7. Be2 c5 8. c3 Nc6 9.
Be3 Qb6 10. b3 cxd4 11. cxd4 Bb4+ 12. Kf1 O-O-O 13. a3 Be7 14. Nc3 Kb8 15. Bxh5
Bxh5 16. Nxh5 g6 17. Nf4 Rxh4 18. Rxh4 Bxh4 19. g3 Be7 20. Kg2 Rc8 21. Na4 Qd8
22. b4 b6 23. Rc1 Kb7 24. Nd3 Nb8 25. Qb3 Rxc1 26. Bxc1 Kc8 27. b5 Qc7 28. Bd2
Qc4 29. Qxc4+ dxc4 30. Nb4 f5 31. Nb2 Bxb4 32. Bxb4 a6 33. a4 axb5 34. axb5 Nh6
35. Nxc4 Kb7 36. Nd6+ Kc7 37. f4 Ng4 38. Kf3 Kd7 0-1

[Event "Titled Tue 17th Jun Early"]
[Site "chess.com INT"]
[Date "2025.06.17"]
[Round "7"]
[White "Tiitta, Sauli"]
[Black "Duarte Cramer, Lily Jeanette"]
[Result "1/2-1/2"]
[BlackTitle "WCM"]
[WhiteElo "2157"]
[BlackElo "1828"]
[WhiteFideId "502251"]
[BlackFideId "29620180"]
[EventDate "2025.06.17"]

1. g4 d5 2. h3 e5 3. c4 d4 4. d3 c5 5. Bg2 Nc6 6. Bxc6+ bxc6 7. Qa4 Qb6 8. Nf3
f6 9. Nbd2 Bd7 10. Ne4 Be7 11. Bd2 a5 12. a3 Nh6 13. b4 cxb4 14. axb4 c5 15.
bxa5 Bxa4 16. axb6 Bc6 17. O-O O-O 18. Ra7 Rxa7 19. bxa7 Ra8 20. Ra1 Bxe4 21.
dxe4 Bd8 22. Ra6 Nf7 23. Ne1 Bc7 24. Nd3 Nd6 25. Nxc5 Nxc4 26. Bb4 Bb6 27. Nd7
Rxa7 28. Rxb6 Rxd7 29. Rb8+ Kf7 30. Kg2 Nd6 31. Kf3 g6 32. h4 Ne8 33. h5 g5 34.
Bd2 h6 35. Bb4 Rc7 36. Rd8 Rb7 37. Bc5 Rc7 38. Bb4 Rb7 39. Bc5 Rc7 40. Bb4 1/2-1/2

[Event "Titled Tue 17th Jun Early"]
[Site "chess.com INT"]
[Date "2025.06.17"]
[Round "7"]
[White "Zepeda Berlanga, Jan Enrique"]
[Black "Liu, Jason"]
[Result "0-1"]
[WhiteTitle "CM"]
[BlackTitle "CM"]
[WhiteElo "1984"]
[BlackElo "2125"]
[WhiteFideId "5132355"]
[BlackFideId "2514656"]
[EventDate "2025.06.17"]

1. e4 e6 2. d4 b6 3. Nc3 Bb7 4. Bd3 Bb4 5. Ne2 Nf6 6. O-O d5 7. exd5 Nxd5 8. a3
Nxc3 9. Nxc3 Bd6 10. Qg4 Kf8 11. Bg5 Qe8 12. Rae1 Nd7 13. f4 Nf6 14. Bxf6 gxf6
15. Qh4 Qe7 16. f5 Rg8 17. Re2 e5 18. Qxh7 c5 19. Qh6+ Ke8 20. Bb5+ Kd8 21. Ne4
Bxe4 22. Rxe4 Kc7 23. dxe5 Bxe5 24. Qd2 Rad8 25. Qe2 Qd6 26. h3 Rg3 27. a4 Rdg8
28. Re3 Bd4 29. Rf3 Bxe3+ 30. Qxe3 Rxg2+ 31. Kh1 Qh2# 0-1

[Event "Titled Tue 17th Jun Early"]
[Site "chess.com INT"]
[Date "2025.06.17"]
[Round "7"]
[White "Iskusnyh, Sergei"]
[Black "Zlatin, Alexander"]
[Result "1-0"]
[WhiteTitle "GM"]
[BlackTitle "FM"]
[WhiteElo "2440"]
[BlackElo "2313"]
[WhiteFideId "4120027"]
[BlackFideId "2810549"]
[EventDate "2025.06.17"]

1. d4 Nf6 2. c4 g6 3. g3 Bg7 4. Bg2 O-O 5. Nc3 d6 6. Nf3 c6 7. e4 Bg4 8. h3 Bxf3
9. Bxf3 e5 10. d5 cxd5 11. cxd5 Na6 12. O-O Rc8 13. Qe2 Qd7 14. Bg2 Nc5 15. Be3
a6 16. Rfc1 Na4 17. Nd1 Rxc1 18. Rxc1 Rc8 19. Rc2 Nc5 20. f3 b5 21. Kh2 Rc7 22.
h4 Qd8 23. Bh3 Ncd7 24. Nf2 h5 25. Nd3 Qc8 26. Rxc7 Qxc7 27. Nb4 Qa5 28. a3 Nc5
29. Nc6 Qa4 30. Bxc5 dxc5 31. d6 b4 32. d7 Nxd7 33. Bxd7 bxa3 34. Ne7+ Kh7 35.
Bxa4 a2 36. Qd1 Bf8 37. Nd5 c4 38. Qa1 g5 39. Qxa2 gxh4 40. gxh4 a5 41. Qxc4 Kh6
42. Qc6+ Bd6 43. Qxd6+ f6 44. Qxf6+ Kh7 45. Be8 Kg8 46. Qf7+ Kh8 47. Nf6 a4 48.
Qf8# 1-0